000 00863nam a2200217 a 4500
001 000281071
003 AM-YeHGA
005 20250617125711.0
008 031107s1979 ai 000 | arm d
040 _aAM-YeHGA
041 0 _aarm
245 1 0 _aՍերը կատակ չի սիրում :
_bՊիեսներ /
_cՍ.Մ. Ղալումյան; Խմբ.՝ Վ.Ա. Ղազարյան; Առաջաբ.՝ Վ.Լ. Վարդանյան; Նկ.՝ Լ.Ա. Մանասերյան.
260 _aԵրևան :
_bՍովետական գրող,
_c1979.
300 _a257 էջ :
_b1 թ. դիմանկ. ;
_c20 սմ.
650 1 4 _aՀայ գրականություն
_xԹատերգություն
700 1 _aՂազարյան, Վ.Ա
_eխմբ.
_4edt
700 1 _aՎարդանյան, Վ.Լ.
_eխմբ.
_4edt
700 1 _aՄանասերյան, Լ.Ա.
_eնկ.
_4art
942 _2udc
_cBK
090 _c104137
999 _c102818
_d102818